Normal view
MARC view
Entry Topical Term
001 - CONTROL NUMBER
- control field: 10757
003 - CONTROL NUMBER IDENTIFIER
- control field: BD-RjUL
005 - DATE AND TIME OF LATEST TRANSACTION
- control field: 20231227184007.0
008 - FIXED-LENGTH DATA ELEMENTS
- fixed length control field: 231227|| aca||aabn | a|a d
040 ## - CATALOGING SOURCE
- Original cataloging agency: BD-RjUL
- Transcribing agency: BD-RjUL
150 ## - HEADING--TOPICAL TERM
- Topical term or geographic name entry element: Plasma engineering
- General subdivision: Applied physics
670 ## - SOURCE DATA FOUND
- Source citation: Work cat.: (BD-RjUL)82562: Roy, Nepal Chandra 10756, Characterization and application of atmospheric pressure gliding arc discharge plasma /, 2018